000 00292nam a22001337a 4500
008 170810b xxu||||| |||| 00| 0 eng d
020 _a9780133056228
041 _aeng
080 _210TH
_a004
100 _a35
101 _aSHKI
245 _aTECHNOLOGY IN ACTION
_cEVANS
942 _2udc
_cBK
999 _c23118
_d23118